Shark Loves The Amazon.

Shark Loves the Amazon offers a fresh perspective on what it will take to protect the Amazon rainforest and support the millions of people who now live there.. Many still think of the Amazon as a land populated primarily by indigenous people surrounded by exotic flora and fauna, all threatened by mi...

Full description

Bibliographic Details
Corporate Authors: Video Project (Firm),$4dst, Kanopy (Firm),$4dst
Format: Video
Language:English
Language Notes:In English
Published: [San Francisco, California, USA] : The Video Project, 2011.
Kanopy Streaming, 2016.
Subjects:
Online Access:Connect to this streaming video

MARC

Tag First Indicator Second Indicator Subfields
LEADER 00000cgm a22000004a 4500
001 in00003752813
006 m o c
007 cr una---unuuu
007 vz uzazuu
008 160825p20162011cau060 o vleng d
005 20260324171230.6
028 5 2 |a 1169640  |b Kanopy 
035 |a (OCoLC)956904563 
035 |a (CaSfKAN)kan1169640 
040 |a VDU  |b eng  |c VDU  |d UtOrBLW 
245 0 0 |a Shark Loves The Amazon. 
264 1 |b The Video Project,  |c 2011. 
264 1 |a [San Francisco, California, USA] :  |b Kanopy Streaming,  |c 2016. 
300 |a 1 online resource (streaming video file) (61 minutes):  |b digital, .flv file, sound 
306 |a 010010 
336 |a two-dimensional moving image  |b tdi  |2 rdacontent 
337 |a computer  |b c  |2 rdamedia 
338 |a online resource  |b cr  |2 carrier 
500 |a Title from title frames. 
500 |a Film 
518 |a Originally produced by The Video Project in 2011. 
520 |a Shark Loves the Amazon offers a fresh perspective on what it will take to protect the Amazon rainforest and support the millions of people who now live there.. Many still think of the Amazon as a land populated primarily by indigenous people surrounded by exotic flora and fauna, all threatened by mining and farming. But that’s no longer a fully accurate picture, since more than twenty million Brazilians migrated to the region over the last few decades and are themselves struggling to survive and prosper.. Author and attorney Mark London, offers an updated analysis and approach in this documentary, based on his book The Last Forest: The Amazon in the Age of Globalization (Random House), written with journalist Brian Kelly. London developed a lifelong passion for the Amazon during his first visit 30 years ago, and has traveled extensively in the region in recent years. The film depicts the hard, contemporary realities of a region seeking a sustainable model of development that can provide both for its millions of inhabitants and preserve the Earth’s last great forest, with its unparalleled biodiversity and global importance.. As levels of deforestation rapidly approach the point of no return, London poses a provocative alternative to the simple mantra, “leave the forest untouched.” One promising model the film profiles is the Juma Sustainable Development Reserve, which incentivizes people who live in the region to protect the forests.. Shark Loves the Amazon begins with substantial historical context, tracing in detail the forces that transformed the Amazon since the 1960’s, when it was a largely unexplored and untouched region, unlike today.. TITLE NOTE: “Shark” refers to the fact Mark London is a lawyer..  
538 |a Mode of access: World Wide Web. 
546 |a In English 
500 |a Electronic resource. 
650 0 |a Environmental sciences.  |0 http://id.loc.gov/authorities/subjects/sh92004048 
651 0 |a Latin America. 
653 |a Documentaries 
653 |a Indigenous Studies 
655 7 |a Internet videos.  |2 lcgft  |0 http://id.loc.gov/authorities/genreForms/gf2011026337 
655 4 |a Indigenous Studies. 
655 7 |a Documentary films.  |2 lcgft  |0 http://id.loc.gov/authorities/genreForms/gf2011026205 
710 2 |a Video Project (Firm),$4dst. 
710 2 |a Kanopy (Firm),$4dst. 
856 4 0 |u http://proxy.library.tamu.edu/login?url=https://texasam.kanopystreaming.com/node/169641  |z Connect to this streaming video  |t 0 
999 f f |s b31997ec-c319-3715-854d-7c074fabc443  |i 5916c2e5-5623-3fa9-9145-372d80aca27a  |t 0 
952 f f |a Texas A&M University  |b College Station  |c Electronic Resources  |s www_evans  |d Available Online  |t 0  |h No information provided 
998 f f |t 0  |l Available Online